Joueurs anglais sélectionnés à l'Euro 2024 - Statistiques

Statistiques générales
  • Ce quiz a été pris 61 fois
  • Le résultat moyen est 19 sur 27
Statistiques - réponses
Poste Club Numéro Joueur % Correct
Attaquant Bayern Munich (Allemagne) 9 Harry Kane
96%
Milieu de terrain Real Madrid (Espagne) 10 Jude Bellingham
94%
Défenseur Manchester City (Angleterre) 2 Kyle Walker
94%
Défenseur Manchester City (Angleterre) 5 John Stones
93%
Attaquant Arsenal (Angleterre) 7 Bukayo Saka
91%
Milieu de terrain Arsenal (Angleterre) 4 Declan Rice
91%
Gardien Everton (Angleterre) 1 Jordan Pickford
91%
Défenseur Liverpool (Angleterre) 8 Trent Alexander-Arnold
91%
Milieu de terrain Manchester City (Angleterre) 11 Phil Foden
89%
Gardien Arsenal (Angleterre) 13 Aaron Ramsdale
80%
Attaquant Aston Villa (Angleterre) 19 Ollie Watkins
80%
Milieu de terrain Chelsea (Angleterre) 24 Cole Palmer
78%
Défenseur Manchester United (Angleterre) 3 Luke Shaw
72%
Attaquant Crystal Palace (Angleterre) 21 Eberechi Eze
70%
Attaquant Brentford (Angleterre) 17 Ivan Toney
67%
Défenseur Crystal Palace (Angleterre) 6 Marc Guehi
67%
Défenseur Newcastle (Angleterre) 12 Kieran Trippier
65%
Attaquant Newcastle (Angleterre) 18 Anthony Gordon
61%
Sélectionneur - - Gareth Southgate
61%
Défenseur Liverpool (Angleterre) 22 Joe Gomez
61%
Attaquant West Ham (Angleterre) 20 Jarrod Bowen
57%
Milieu de terrain Manchester United (Angleterre) 26 Kobbie Mainoo
56%
Défenseur Brighton FC (Angleterre) 15 Lewis Dunk
52%
Gardien Crystal Palace (Angleterre) 23 Dean Henderson
48%
Défenseur Aston Villa (Angleterre) 14 Ezri Konsa
46%
Milieu de terrain Chelsea (Angleterre) 16 Conor Gallagher
41%
Milieu de terrain Crystal Palace (Angleterre) 25 Adam Wharton
20%
Aucun quiz correspondant
Distribution des résultats
% des personnes avec chaque résultat
Percentile par nombre de réponses
Votre historique - résultats
Vous n’avez pas pris ce quiz